Simulation Optimization and Machine Learning for Finance 2/e
Uloženo v:
| Hlavní autor: | |
|---|---|
| Médium: | Kniha |
| Vydáno: |
MIT Press
|
| Tagy: |
Žádné tagy, Buďte první, kdo vytvoří štítek k tomuto záznamu!
|
MARC
| LEADER | 00000nam a2200000Ia 4500 | ||
|---|---|---|---|
| 005 | 20260513122051.0 | ||
| 020 | |a 9780262049801 | ||
| 100 | |a Pachamanova | ||
| 365 | |||
| 365 | |b 25.00 | ||
| 942 | |c BK | ||
| 245 | |a Simulation Optimization and Machine Learning for Finance 2/e | ||
| 260 | |b MIT Press | ||
| 999 | |c 43 |d 43 | ||
| 952 | |0 0 |1 0 |4 0 |7 0 |a UNSW |b UNSW |d 2026-05-06 |g 150.00 |i 16684 |l 0 |p 000117 |r 2026-05-13 12:20:51 |v 150.00 |w 2026-05-13 |y BK | ||